000
00312nam a22001337a 4500
008
170621b xxu||||| |||| 00| 0 eng d
020
_a
091331299
041
_a
eng
080
_a
32
100
_a
20
101
_a
SHP
245
_a
REVOLUTIONS OF THE LATE TWENTIETH CENTURY
_c
GOLDSTONE.J.A
942
_2
udc
_c
BK
999
_c
18369
_d
18369